Fundamentálne verzus technické analýzy Príloha
Generovanie cien akcií. Víkendový efekt akcií. Obchodovanie na základe vnútorných informácií. Odhad pravdepodobnosti realizácie ziskov.
Saved in:
| Main Author: | |
|---|---|
| Format: | Book Chapter |
| Language: | Slovak |
| Subjects: | |
| Tags: |
No Tags, Be the first to tag this record!
|
MARC
| LEADER | 00000naa a2200000 4500 | ||
|---|---|---|---|
| 001 | r020401 | ||
| 005 | 20251104124014.8 | ||
| 041 | 0 | |a slo | |
| 044 | |a SK | ||
| 245 | 1 | 0 | |a Fundamentálne verzus technické analýzy |b Príloha |c R. Sikela |
| 520 | |a Generovanie cien akcií. Víkendový efekt akcií. Obchodovanie na základe vnútorných informácií. Odhad pravdepodobnosti realizácie ziskov. | ||
| 610 | 2 | 0 | |a akcie |
| 610 | 2 | 0 | |a analýza technická |
| 610 | 2 | 0 | |a zisk |
| 610 | 2 | 0 | |a trh kapitálový |
| 610 | 2 | 0 | |a analýza fundamentálna |
| 610 | 2 | 0 | |a ceny |
| 100 | 1 | |a Sikela, R. | |